000053554 001__ 53554
000053554 005__ 20220628124517.0
000053554 041__ $$ager
000053554 0881_ $$aGSI Jahresbericht 1979/80
000053554 088__ $$2GSI$$aGSI Jahresbericht 1979/80
000053554 1001_ $$0P:(DE-Ds200)BUDP1-0358$$aSiegert, Günter$$b0$$eEditor$$ugsi
000053554 245__ $$aGSI Jahresbericht 1979/80 [GSI 1980-4]
000053554 260__ $$aDarmstadt$$bGSI$$c1980
000053554 300__ $$a112 p.
000053554 3367_ $$0PUB:(DE-HGF)3$$2PUB:(DE-HGF)$$aBook$$bbook$$mbook$$s1369844369_7212
000053554 3367_ $$2DRIVER$$abook
000053554 3367_ $$2BibTeX$$aBOOK
000053554 3367_ $$01$$2EndNote$$aBook
000053554 3367_ $$0PUB:(DE-HGF)15$$2PUB:(DE-HGF)$$aInternal Report$$mintrep
000053554 4900_ $$aGSI Report$$v1980-4$$x0171-4546
000053554 4900_ $$aGSI Jahresbericht$$v1979/80
000053554 500__ $$aWissenschaftlicher Ergebnisbericht der GSI, GSI Annual Report
000053554 8564_ $$uhttps://repository.gsi.de/record/53554/files/GSI-80-4.pdf$$yOpenAccess
000053554 8527_ $$2DE-Ds200$$aGSI/FAIR Library$$bMain$$cReport 1980-4$$hReport$$p00049627$$t1
000053554 8767_ $$2DE-Ds200$$aGSI/FAIR Library$$d2022-06-27$$eUnknown$$hnot for loan$$javailable$$p00049627$$t1
000053554 909CO $$ooai:repository.gsi.de:53554$$pdnbdelivery$$pdriver$$pVDB$$popen_access$$popenaire$$qec_fundedresources
000053554 9141_ $$y1980
000053554 915__ $$0StatID:(DE-HGF)0510$$2StatID$$aOpenAccess
000053554 9101_ $$0I:(DE-Ds200)20121206GSI$$6P:(DE-Ds200)OR0387$$aGSI Helmholtzzentrum für Schwerionenforschung GmbH$$b0$$kGSI
000053554 9131_ $$0G:(DE-HGF)POF2-533$$1G:(DE-HGF)POF2-530$$2G:(DE-HGF)POF2-500$$3G:(DE-HGF)POF2$$4G:(DE-HGF)POF$$aDE-HGF$$bStruktur der Materie$$lPhysik der Hadronen und Kerne$$vExotic Nuclei and Nuclear Astrophysics (ENNA)$$x0
000053554 920__ $$lyes
000053554 9201_ $$0I:(DE-Ds200)BUD-20051214OR030$$kBUD$$lBibliothek & Dokumentation$$x0
000053554 9201_ $$0I:(DE-Ds200)RED-20051214OR019$$kRED$$lForschung FAIR & GSI$$x1
000053554 9801_ $$aFullTexts
000053554 9801_ $$aGSIasPublisher
000053554 9801_ $$aGSI Report
000053554 9801_ $$aGSI Jahresbericht
000053554 980__ $$abook
000053554 980__ $$aVDB
000053554 980__ $$aUNRESTRICTED
000053554 980__ $$aintrep
000053554 980__ $$aI:(DE-Ds200)20120319OR030
000053554 980__ $$aI:(DE-Ds200)BUD-20051214OR030
000053554 980__ $$aI:(DE-Ds200)20120123OR019
000053554 980__ $$aI:(DE-Ds200)RED-20051214OR019
000053554 980__ $$aGSI Jahresbericht 1979/80
000053554 980__ $$aGSI Jahresbericht
000053554 980__ $$aGSI Report
000053554 980__ $$aGSI Report 1980-4
000053554 980__ $$aGSIasPublisher
000053554 980__ $$aFullTexts
000053554 9801_ $$aOPAC